书目信息 |
| 题名: |
WTO与多边投资协议
|
|
| 作者: | 盛斌 著 | |
| 分册: | ||
| 出版信息: | 天津 天津大学出版社 2003.01 |
|
| 页数: | 241页 | |
| 开本: | 20cm | |
| 丛书名: | ||
| 单 册: | ||
| 中图分类: | F831.6 | |
| 科图分类: | ||
| 主题词: | 金融 , 银行 | |
| 电子资源: | ||
| ISBN: | 7-5618-1688-X | |
| 000 | 00547nam0 2200205 45 | |
| 001 | 0434949873 | |
| 005 | 2004051109422920 | |
| 010 | @a7-5618-1688-X@d18.00CNY | |
| 100 | @a20040511d2003 km y0chiy0120 ea | |
| 101 | 0 | @achi |
| 102 | @aCN@b120000 | |
| 200 | 1 | @aWTO与多边投资协议@AWTO Yu Duo Bian Tou Zi Xie Yi@f盛斌著@FSheng Bin Zhu |
| 210 | @a天津@c天津大学出版社@d2003.01 | |
| 215 | @a241页@d20cm | |
| 606 | 0 | @a金融 |
| 606 | 0 | @a银行 |
| 690 | @aF831.6@v3 | |
| 701 | 0 | @a盛斌@ASheng Bin@4著 |
| 801 | 0 | @aCN@bPFT@c20040511 |
| 905 | @dF831.6@eS473 | |
| WTO与多边投资协议/盛斌著.-天津:天津大学出版社,2003.01 |
| 241页;20cm |
| ISBN 7-5618-1688-X:18.00CNY |
| ● |
| 相关链接 |
|
|
|
正题名:WTO与多边投资协议
索取号:F831.6/S473
 
预约/预借
| 序号 | 登录号 | 条形码 | 馆藏地/架位号 | 状态 | 备注 |
| 1 | 393196 | 203931969 | 社科二线422/409社科库 54排1列3层/ [索取号:F831.6/S473] | 在馆 | |
| 2 | 393197 | 203931978 | 社科二线422/409社科库 54排1列2层/ [索取号:F831.6/S473] | 在馆 | |
| 3 | 393198 | 203931987 | 社科库409/409社科库 54排1列2层/ [索取号:F831.6/S473] | 在馆 |